000 00526nam a2200193Ia 4500
005 20250508161941.0
008 008 250505s9999 xx 000 0 eng d
037 _aTextual
040 _aFEDL
_beng
_cFEDL
041 _aeng
_2eng
084 _a301, KAR
_qFEDL
100 _aKarve Irawati
_9135735
245 0 _aHindu society : An interpretation
260 _aPoona, India
_bDeccan College India
_c1961
300 _axi,171p.
650 _aSociology
942 _cTEXL
_h301, KAR
999 _c1373445
_d1373445